Risultati del Milan in UEFA Champions League 2021-2022 - Statistics

Statistiche generali
  • Questo quiz è stato fatto 32 volte
  • Il punteggio medio è 5 su 6
Statistiche sulle risposte
Hint Risposta % Corretto
Liverpool - Milan 3-2
93%
Milan - Liverpool 1-2
89%
Atletico Madrid - Milan 0-1
82%
Milan - Porto 1-1
75%
Milan - Atletico Madrid 1-2
75%
Porto - Milan 1-0
61%
Nessun quiz corrispondente trovato
Distribuzione punteggi
Percentuale di utenti per punteggio
Percentile per numero di risposta
I tuoi punteggi nel tempo
Non hai fatto questo quiz